Statistics for Districts of Sierra Leone with a Map

Click here to take the quiz!

General Stats

  • This quiz has been taken 27 times
  • The average score is 13 of 16

Answers on the Map

Answers color-coded by a green-red scale on the quiz's map according to % correct below.
 

Answer Stats

District% Correct
Bo
100%
Kenema
95%
Kambia
86%
Port Loko
86%
Tonkolili
86%
Bombali
81%
Moyamba
81%
Pujehun
81%
Western {Rural}
81%
Western {Urban}
81%
Bonthe
76%
Koinadugu
76%
Kono
76%
Falaba
71%
Kailahun
71%
Karene
71%

Score Distribution

Percentile by Number Answered

Percent of People with Each Score

Your Score History

You have not taken this quiz